000 00288nam a22001217a 4500
008 160430b xxu||||| |||| 00| 0 eng d
020 _a9780534564681
020 _a0534564682
041 _aeng
080 _a612.39
245 _aStudy guide nutrition:
_cJana Kicklighter;
942 _2udc
_cBK
999 _c1715
_d1715